[Event "2nd Prague Challengers"]
[Site "Prague CZE"]
[Date "2020.02.12"]
[Round "1.1"]
[White "Nguyen, Thai Dai Van"]
[Black "Abasov, Nijat"]
[Result "1/2-1/2"]
[WhiteTitle "GM"]
[BlackTitle "GM"]
[WhiteElo "2560"]
[BlackElo "2670"]
[WhiteFideId "358878"]
[BlackFideId "13402960"]
[EventDate "2020.02.12"]

1. c4 c5 2. g3 Nc6 3. Bg2 g6 4. Nc3 Bg7 5. Nf3 d6 6. O-O e6 7. e3 Nge7 8. d4 O-O
9. Rb1 cxd4 10. exd4 d5 11. b3 b6 12. Ba3 Re8 13. Re1 a6 14. Ne5 Bb7 15. Rc1 Rc8
16. Nxc6 Bxc6 17. Bxe7 Rxe7 18. cxd5 Bxd5 19. Bxd5 Rec7 20. Bxe6 fxe6 21. Ne2
Rxc1 22. Nxc1 Bxd4 23. Nd3 Rc3 24. Nf4 e5 25. Ne2 Rd3 26. Qc2 Kg7 27. Nxd4 Qxd4
28. Qc7+ Kf6 29. Qxh7 Rd2 30. Qh8+ Kf7 31. Qh7+ Kf6 32. Re3 Qd5 33. Qh8+ Kf7 34.
Qh7+ Kf6 35. Qh4+ Kf5 36. Qh3+ Kf6 37. Qh4+ Kf5 38. Re1 Qd4 39. Qh3+ Kf6 40. Qg2
Rxa2 41. Qf3+ Kg7 42. h4 Ra1 43. Rxa1 Qxa1+ 44. Kg2 Qd4 45. Qb7+ Kf6 46. Qc6+ 1/2-1/2

[Event "2nd Prague Challengers"]
[Site "Prague CZE"]
[Date "2020.02.12"]
[Round "1.2"]
[White "Krejci, Jan2"]
[Black "Cernousek, Lukas"]
[Result "1/2-1/2"]
[WhiteTitle "GM"]
[BlackTitle "IM"]
[WhiteElo "2559"]
[BlackElo "2442"]
[WhiteFideId "322156"]
[BlackFideId "311707"]
[EventDate "2020.02.12"]

1. e4 e6 2. d4 d5 3. exd5 exd5 4. Nf3 Nf6 5. Bd3 Bd6 6. Qe2+ Qe7 7. Qxe7+ Kxe7
8. O-O Re8 9. Bg5 h6 10. Bh4 Nd7 11. Nbd2 Kf8 12. c4 g5 13. Bg3 Bxg3 14. fxg3
dxc4 15. Nxc4 Kg7 16. Rac1 Nd5 17. h4 f6 18. Nfd2 Nf8 19. Be4 Ne7 20. Rfe1 Rb8
21. d5 Rd8 22. Ne3 c6 23. Bf3 Nfg6 24. Nb3 gxh4 25. dxc6 Nxc6 26. Bxc6 bxc6 27.
gxh4 Nxh4 28. Rxc6 Rd7 29. Rc4 Ng6 30. Nf5+ Kh7 31. Rc6 Rf7 32. Nd6 Bb7 33. Rc5
Rd7 34. Ne8 Rf7 35. Rf5 Nh4 36. Rxf6 Rxf6 37. Nxf6+ Kg6 38. Nd7 Rg8 39. Re2 Bxg2
40. Rxg2+ Nxg2 41. Kxg2 Kf5+ 42. Kf3 Ke6 43. Ndc5+ Kd5 44. Nd3 Rf8+ 45. Kg4 Ke4
46. Nbc5+ 1/2-1/2

[Event "2nd Prague Challengers"]
[Site "Prague CZE"]
[Date "2020.02.12"]
[Round "1.3"]
[White "Bartel, Mateusz"]
[Black "Esipenko, Andrey"]
[Result "1/2-1/2"]
[WhiteTitle "GM"]
[BlackTitle "GM"]
[WhiteElo "2639"]
[BlackElo "2654"]
[WhiteFideId "1112635"]
[BlackFideId "24175439"]
[EventDate "2020.02.12"]

1. e4 e5 2. Nf3 Nc6 3. Bb5 a6 4. Ba4 Nf6 5. Nc3 Be7 6. Bxc6 dxc6 7. a3 O-O 8. d3
Bg4 9. h3 Bxf3 10. Qxf3 Nd7 11. Be3 Nc5 12. Qg3 f6 13. Qg4 Qc8 14. O-O-O Qxg4
15. hxg4 Ne6 16. g3 Rad8 17. f4 Bc5 18. Bxc5 Nxc5 19. Rdf1 Ne6 20. Nd1 g6 21.
Ne3 b5 22. Rh6 Nd4 23. Kd1 a5 24. Rfh1 Rd7 25. f5 g5 26. b4 a4 27. Kc1 Rff7 28.
Kb2 Rd6 29. Rd1 Rfd7 30. Rh2 Kh8 31. Kb1 1/2-1/2

[Event "2nd Prague Challengers"]
[Site "Prague CZE"]
[Date "2020.02.12"]
[Round "1.4"]
[White "Stefansson, Hannes"]
[Black "Kriebel, Tadeas"]
[Result "1-0"]
[WhiteTitle "GM"]
[BlackTitle "IM"]
[WhiteElo "2529"]
[BlackElo "2524"]
[WhiteFideId "2300087"]
[BlackFideId "330027"]
[EventDate "2020.02.12"]

1. e4 c5 2. Nf3 e6 3. d4 cxd4 4. Nxd4 Nc6 5. Nc3 Qc7 6. Be2 Nf6 7. O-O Be7 8.
Be3 O-O 9. f4 d6 10. Kh1 Nxd4 11. Qxd4 e5 12. Qd3 b6 13. Rad1 Bb7 14. Bf3 Rad8
15. f5 Rfe8 16. Bf2 Qc8 17. Rfe1 Ba6 18. Qd2 d5 19. Nxd5 Nxd5 20. exd5 Qxf5 21.
Re4 Bd6 22. Bh4 Rc8 23. Rde1 Qd7 24. Bh5 Rf8 25. Bf6 Qf5 26. Bxe5 Rcd8 27. Bf3
Bxe5 28. Rxe5 Qf6 29. b3 Qd6 30. Re7 Bc8 31. Rxa7 Bd7 32. Qf2 f5 33. Rb7 Rf6 34.
c4 Rh6 35. h3 Rf8 36. Qe3 Rhf6 37. Re2 Bc8 38. Re7 Qg3 39. Qf2 Qd6 40. Qh4 Bd7
41. R2e5 h6 42. b4 Ba4 43. a3 Bc2 44. R5e6 Qd8 45. Qg3 R6f7 46. Qe5 Be4 47. Rxf7
Kxf7 48. Bh5+ 1-0

[Event "2nd Prague Challengers"]
[Site "Prague CZE"]
[Date "2020.02.12"]
[Round "1.5"]
[White "Piorun, Kacper"]
[Black "Van Foreest, Jorden"]
[Result "1/2-1/2"]
[WhiteTitle "GM"]
[BlackTitle "GM"]
[WhiteElo "2611"]
[BlackElo "2667"]
[WhiteFideId "1130420"]
[BlackFideId "1039784"]
[EventDate "2020.02.12"]

1. e4 c5 2. Nf3 d6 3. d4 cxd4 4. Nxd4 Nf6 5. Nc3 a6 6. Be2 e5 7. Nb3 Be7 8. O-O
O-O 9. Kh1 b6 10. Be3 Bb7 11. f3 Nbd7 12. a4 Qc7 13. Qd2 Rfc8 14. Rac1 Bc6 15.
Rfd1 Rcb8 16. Ra1 h6 17. Nc1 Rd8 18. N1a2 d5 19. Nxd5 Nxd5 20. exd5 Nf6 21. c4
Bxa4 22. Rdc1 Bd7 23. Nc3 Bc5 24. Bd3 a5 25. Re1 Re8 26. Re2 Qd6 27. Bxc5 Qxc5
28. Rae1 a4 29. Rxe5 Rxe5 30. Rxe5 a3 31. Re1 h5 32. bxa3 Rxa3 33. Ne4 Nxe4 34.
Bxe4 f5 35. Bb1 Qxc4 36. Qg5 Qxd5 37. h3 Ra8 38. Re7 Qd4 39. Kh2 Ra1 40. Qg6
Qf4+ 41. Qg3 Qxg3+ 42. Kxg3 Rxb1 43. Rxd7 Rb4 44. f4 Kh7 45. Rd6 g6 46. Rd7+ Kh6
47. h4 b5 48. Rb7 Rb1 49. Kh2 Rf1 50. g3 Rf2+ 51. Kg1 Rd2 52. Rxb5 1/2-1/2

[Event "2nd Prague Challengers"]
[Site "Prague CZE"]
[Date "2020.02.13"]
[Round "2.1"]
[White "Esipenko, Andrey"]
[Black "Stefansson, Hannes"]
[Result "1/2-1/2"]
[WhiteTitle "GM"]
[BlackTitle "GM"]
[WhiteElo "2654"]
[BlackElo "2529"]
[WhiteFideId "24175439"]
[BlackFideId "2300087"]
[EventDate "2020.02.12"]

1. d4 Nf6 2. c4 e6 3. Nc3 Bb4 4. f3 c5 5. d5 O-O 6. e4 b5 7. e5 Ne8 8. f4 d6 9.
Nf3 dxe5 10. fxe5 Nd7 11. Bg5 Qa5 12. Qc2 exd5 13. cxd5 f6 14. Bh4 Nxe5 15. Nxe5
fxe5 16. Bd3 Nf6 17. O-O c4 18. Rxf6 cxd3 19. Rxf8+ Bxf8 20. Qxd3 Qb6+ 21. Bf2
Bc5 22. Qd2 Bb7 23. Rd1 Rf8 24. Ne4 Bxf2+ 25. Nxf2 Rd8 26. Qe2 Rxd5 27. Rxd5
Bxd5 28. Qxe5 Bf7 29. a3 h6 30. h3 a6 1/2-1/2

[Event "2nd Prague Challengers"]
[Site "Prague CZE"]
[Date "2020.02.13"]
[Round "2.2"]
[White "Abasov, Nijat"]
[Black "Van Foreest, Jorden"]
[Result "1/2-1/2"]
[WhiteTitle "GM"]
[BlackTitle "GM"]
[WhiteElo "2670"]
[BlackElo "2667"]
[WhiteFideId "13402960"]
[BlackFideId "1039784"]
[EventDate "2020.02.12"]

1. c4 Nf6 2. g3 g6 3. Bg2 Bg7 4. Nc3 O-O 5. d4 d6 6. Nf3 Nc6 7. O-O e5 8. e3 Bf5
9. b3 a5 10. Bb2 Re8 11. a3 exd4 12. Nxd4 Nxd4 13. exd4 c6 14. d5 Ne4 15. Bxe4
Bxe4 16. Nxe4 Bxb2 17. Ra2 Rxe4 18. Rxb2 Qf6 19. Re2 Rxe2 20. Qxe2 a4 21. dxc6
bxc6 22. bxa4 Rxa4 23. Qe8+ Kg7 24. Qxc6 Rxa3 25. c5 dxc5 26. Qxc5 Qc3 27. Rc1
Qxc5 28. Rxc5 h5 29. h4 Ra8 30. Kg2 Rb8 1/2-1/2

[Event "2nd Prague Challengers"]
[Site "Prague CZE"]
[Date "2020.02.13"]
[Round "2.3"]
[White "Cernousek, Lukas"]
[Black "Bartel, Mateusz"]
[Result "1/2-1/2"]
[WhiteTitle "IM"]
[BlackTitle "GM"]
[WhiteElo "2442"]
[BlackElo "2639"]
[WhiteFideId "311707"]
[BlackFideId "1112635"]
[EventDate "2020.02.12"]

1. e4 e5 2. Nf3 Nc6 3. Nc3 Nf6 4. d4 exd4 5. Nxd4 Bb4 6. Nxc6 bxc6 7. Bd3 O-O 8.
O-O Re8 9. Bg5 h6 10. Bh4 g5 11. Bg3 Bxc3 12. bxc3 Nxe4 13. f4 d6 14. Qh5 Bf5
15. fxg5 Bg6 16. Qxh6 Qxg5 17. Qxg5 Nxg5 18. Rab1 Rab8 19. Rb4 Ne4 20. Be1 a5
21. Rxb8 Rxb8 22. c4 a4 23. Ba5 Rb2 24. Re1 Nc5 25. Bc3 Rb8 26. Bxg6 fxg6 27.
Bd4 Rb4 28. Bxc5 dxc5 29. Re6 Kf7 30. Rxc6 Rxc4 31. Rxc7+ Ke6 32. Rc6+ Kf5 33.
Kf2 Rxc2+ 34. Ke3 a3 35. h4 c4 36. g4+ Ke5 37. Rxg6 Rxa2 38. Rg5+ Ke6 39. Ra5
Ra1 40. Kd2 a2 41. Kc2 Rg1 42. Rxa2 Rg2+ 43. Kb1 Rxg4 44. Rh2 Kf6 45. Kc2 Kg6
46. h5+ Kh6 47. Kc3 Rg5 48. Kxc4 Rxh5 49. Rxh5+ Kxh5 1/2-1/2

[Event "2nd Prague Challengers"]
[Site "Prague CZE"]
[Date "2020.02.13"]
[Round "2.4"]
[White "Kriebel, Tadeas"]
[Black "Piorun, Kacper"]
[Result "0-1"]
[WhiteTitle "IM"]
[BlackTitle "GM"]
[WhiteElo "2524"]
[BlackElo "2611"]
[WhiteFideId "330027"]
[BlackFideId "1130420"]
[EventDate "2020.02.12"]

1. d4 Nf6 2. c4 g6 3. Nc3 Bg7 4. e4 d6 5. Nf3 O-O 6. Be2 Bg4 7. O-O Nfd7 8. h3
Bxf3 9. Bxf3 c5 10. e5 cxd4 11. Bxb7 dxc3 12. Bxa8 Nxe5 13. bxc3 Nxc4 14. Rb1
Nd7 15. Bd5 Ncb6 16. Bg5 h6 17. Be3 Qc7 18. Bb3 Nc5 19. Qf3 e6 20. c4 a5 21.
Rfc1 Nbd7 22. Bc2 Ne5 23. Qe2 Nc6 24. a3 h5 25. Rd1 Rd8 26. f4 Bf6 27. Kh1 h4
28. Qf3 Kg7 29. Bf2 a4 30. Qg4 Rh8 31. Qe2 Na5 32. Rb5 Nab3 33. Qg4 Qe7 34. Rb6
Rd8 35. Qf3 Na5 36. Rb4 Rc8 37. Qe2 Nc6 38. Rb6 Qc7 39. Rb5 Na7 40. Rbb1 Nc6 41.
Bxc5 dxc5 42. Qe4 Kf8 43. Bxa4 Nd4 44. Rb7 Qa5 45. Bd7 Rc7 46. Rxc7 Qxc7 47. Bb5
Nf5 48. Qf3 Bd4 49. a4 Be3 50. Rd7 Qb8 51. Rb7 Qd8 52. Kh2 Qd4 53. Rd7 Bxf4+ 0-1

[Event "2nd Prague Challengers"]
[Site "Prague CZE"]
[Date "2020.02.13"]
[Round "2.5"]
[White "Nguyen, Thai Dai Van"]
[Black "Krejci, Jan2"]
[Result "1/2-1/2"]
[WhiteTitle "GM"]
[BlackTitle "GM"]
[WhiteElo "2560"]
[BlackElo "2559"]
[WhiteFideId "358878"]
[BlackFideId "322156"]
[EventDate "2020.02.12"]

1. c4 Nf6 2. Nf3 e6 3. g3 d5 4. Bg2 Be7 5. O-O O-O 6. d4 dxc4 7. Qc2 a6 8. a4
Bd7 9. Qxc4 Bc6 10. Bg5 Nbd7 11. Nc3 h6 12. Bxf6 Nxf6 13. Rfe1 Bxf3 14. Bxf3 c6
15. a5 Qd6 16. e3 Rad8 17. Red1 Rd7 18. Na4 Qb8 19. Nb6 Rdd8 20. Qb3 Nd5 21. Nc4
Nc7 22. h4 Nb5 23. Kg2 Bf6 24. Qc2 Rfe8 25. h5 Nd6 26. Nb6 Nc8 27. Nc4 Nd6 28.
Nb6 Nc8 29. Na4 Qc7 30. Nc5 Qe7 31. Rac1 Nd6 32. b4 Nb5 33. Qb3 Qc7 34. Be4 Be7
35. Nd3 Nd6 36. Bf3 Nb5 37. Be2 Qd6 38. Nc5 Qb8 39. Nd3 Qd6 40. Nc5 Qc7 41. Ne4
Nd6 42. Nc3 Qd7 43. Bf3 Nb5 44. Nxb5 cxb5 45. e4 1/2-1/2

[Event "2nd Prague Challengers"]
[Site "Prague CZE"]
[Date "2020.02.14"]
[Round "3.1"]
[White "Piorun, Kacper"]
[Black "Esipenko, Andrey"]
[Result "0-1"]
[WhiteTitle "GM"]
[BlackTitle "GM"]
[WhiteElo "2611"]
[BlackElo "2654"]
[WhiteFideId "1130420"]
[BlackFideId "24175439"]
[EventDate "2020.02.12"]

1. e4 e5 2. Nf3 Nc6 3. Bb5 a6 4. Ba4 Nf6 5. O-O b5 6. Bb3 Bc5 7. a4 Rb8 8. axb5
axb5 9. Nxe5 Nxe5 10. d4 Bxd4 11. Qxd4 d6 12. f4 Nc6 13. Qc3 Ne7 14. e5 Ne4 15.
Qe1 Nc5 16. Ba2 Bf5 17. Be3 Ne6 18. exd6 Qxd6 19. Qf2 O-O 20. Bb3 Rfd8 21. Nc3
Qc6 22. h3 h5 23. Ra5 Qe8 24. Re1 c6 25. Qh4 Ng6 26. Qxh5 Nd4 27. Ra7 Nxb3 28.
Bf2 Qf8 29. cxb3 Bc2 30. f5 Nf4 31. Qf3 Nd5 32. Rc1 Nb4 33. Rxc2 Nxc2 34. Ne4
Ra8 35. Bc5 Qxc5+ 36. Nxc5 Nd4 37. Qg4 Rxa7 38. f6 g6 39. Kh2 Nf5 40. Qe2 Ra1
41. g4 Rh1+ 42. Kg2 Rhd1 43. Ne4 Nh4+ 44. Kg3 g5 45. Nxg5 Ng6 46. Nf3 R1d6 47.
Qe3 Rxf6 48. h4 Re6 49. Qg5 Rd5 50. Qc1 Rd3 51. Kg2 Rf6 52. Ng5 Nxh4+ 53. Kg1
Rg3+ 54. Kh2 Rxg4 55. Kh3 Rgf4 56. Qe1 Ng6 57. Qe8+ Kg7 58. Nxf7 Rxf7 59. Qxc6
Rf3+ 60. Kh2 Rxb3 61. Kg1 Rg3+ 62. Kh2 Rg5 63. Qc3+ Ne5 64. b4 Kh8 0-1

[Event "2nd Prague Challengers"]
[Site "Prague CZE"]
[Date "2020.02.14"]
[Round "3.2"]
[White "Bartel, Mateusz"]
[Black "Nguyen, Thai Dai Van"]
[Result "1/2-1/2"]
[WhiteTitle "GM"]
[BlackTitle "GM"]
[WhiteElo "2639"]
[BlackElo "2560"]
[WhiteFideId "1112635"]
[BlackFideId "358878"]
[EventDate "2020.02.12"]

1. d4 Nf6 2. c4 e6 3. Nf3 d5 4. Bg5 dxc4 5. e4 c5 6. Nc3 cxd4 7. Qxd4 Qxd4 8.
Nxd4 Bb4 9. f3 Bd7 10. Bxc4 O-O 11. O-O-O Rc8 12. Be2 Bxc3 13. bxc3 Rxc3+ 14.
Kb2 Rc8 15. Rc1 Rxc1 16. Rxc1 Nc6 17. Nb5 Kf8 18. g4 h6 19. Be3 b6 20. h4 Ke7
21. g5 hxg5 22. Bxg5 Kf8 23. Rd1 Be8 24. Nd6 e5 25. Bxf6 gxf6 26. Bb5 Nd4 27.
Nxe8 Nxb5 28. Nxf6 Ke7 29. Nd5+ Kf8 30. h5 Kg7 31. Rg1+ Kh6 32. Nf6 Nd4 33. Ng4+
Kxh5 34. Nxe5 f6 35. Nd7 Nxf3 36. Nxf6+ Kh6 37. Rg3 Nd4 38. Rd3 Kg6 39. Nd7 Ne6
40. Rd6 Kf7 41. Ne5+ Ke7 42. Rd7+ Kf6 43. Nc6 Nc5 44. e5+ Kf5 45. Rf7+ Ke4 46.
Rxa7 1/2-1/2

[Event "2nd Prague Challengers"]
[Site "Prague CZE"]
[Date "2020.02.14"]
[Round "3.3"]
[White "Stefansson, Hannes"]
[Black "Cernousek, Lukas"]
[Result "1-0"]
[WhiteTitle "GM"]
[BlackTitle "IM"]
[WhiteElo "2529"]
[BlackElo "2442"]
[WhiteFideId "2300087"]
[BlackFideId "311707"]
[EventDate "2020.02.12"]

1. e4 e6 2. d4 d5 3. Nc3 Nf6 4. e5 Nfd7 5. f4 c5 6. Nf3 Nc6 7. Be3 cxd4 8. Nxd4
Qb6 9. Qd2 Qxb2 10. Rb1 Qa3 11. Bb5 Nxd4 12. Bxd4 Bb4 13. Rb3 Qa5 14. a3 Be7 15.
f5 exf5 16. Nxd5 Qxd2+ 17. Kxd2 Bd8 18. Rf1 a6 19. Bd3 Nf8 20. Bb6 Be6 21. c4
Nd7 22. Bxd8 Rxd8 23. Rxb7 O-O 24. Bxf5 Nxe5 25. Kc3 Bxd5 26. cxd5 Rxd5 27. Rc7
g6 28. Bc2 Rfd8 29. Re1 Kg7 30. Re2 h5 31. Bb3 Rb5 32. Kc2 Rd7 33. Rxd7 Nxd7 34.
Re7 Ne5 35. Kc3 Kf6 36. Ra7 Rc5+ 37. Kd4 Ra5 38. Rb7 Nc6+ 39. Kc3 Ne5 40. Rb6+
Ke7 41. Kb4 Rb5+ 42. Rxb5 axb5 43. Kxb5 Kd6 44. a4 f5 45. h4 Kc7 46. Kc5 Kb7 47.
Bd5+ Ka6 48. Kd4 Nd7 49. Bf7 Nf8 50. Ke5 Ka5 51. Be8 1-0

[Event "2nd Prague Challengers"]
[Site "Prague CZE"]
[Date "2020.02.14"]
[Round "3.4"]
[White "Krejci, Jan2"]
[Black "Abasov, Nijat"]
[Result "1/2-1/2"]
[WhiteTitle "GM"]
[BlackTitle "GM"]
[WhiteElo "2559"]
[BlackElo "2670"]
[WhiteFideId "322156"]
[BlackFideId "13402960"]
[EventDate "2020.02.12"]

1. d4 Nf6 2. c4 e6 3. Nc3 Bb4 4. Nf3 b6 5. Bd2 Bb7 6. e3 O-O 7. Bd3 d5 8. cxd5
exd5 9. Rc1 Be7 10. O-O c5 11. Ne5 Nc6 12. Nxc6 Bxc6 13. dxc5 bxc5 14. Ne2 Rb8
15. Bc3 Qd6 16. b3 Rfe8 17. Qc2 g6 18. Rfd1 Ng4 19. Ng3 Ba8 20. Be2 Qe6 21. Ba1
Ne5 22. Bf1 Nd7 23. Qc3 Bf6 24. Qa5 Qb6 25. Qa4 Bxa1 26. Rxa1 Nf6 27. Rac1 a5
28. Be2 Rbc8 29. Qb5 Re6 30. Rc2 Qa7 31. Rdc1 Rec6 32. Qa4 Qb6 33. Qb5 Qa7 34.
Qa4 1/2-1/2

[Event "2nd Prague Challengers"]
[Site "Prague CZE"]
[Date "2020.02.14"]
[Round "3.5"]
[White "Van Foreest, Jorden"]
[Black "Kriebel, Tadeas"]
[Result "1/2-1/2"]
[WhiteTitle "GM"]
[BlackTitle "IM"]
[WhiteElo "2667"]
[BlackElo "2524"]
[WhiteFideId "1039784"]
[BlackFideId "330027"]
[EventDate "2020.02.12"]

1. d4 Nf6 2. Nf3 d5 3. Bf4 e6 4. e3 Bd6 5. Ne5 O-O 6. Nd2 c5 7. c3 b6 8. h4 Qc7
9. h5 Nbd7 10. Ndf3 cxd4 11. exd4 Ne4 12. Bd3 Nxe5 13. Bxe5 Bxe5 14. Nxe5 f6 15.
Ng4 e5 16. Ne3 exd4 17. cxd4 Qf4 18. Bxe4 Qxe4 19. h6 Ba6 20. Qg4 Qxg4 21. Nxg4
Rfe8+ 22. Ne3 Rac8 23. Kd2 Re4 24. Rhd1 Rxd4+ 25. Ke1 Rh4 26. f3 Rxh6 27. Kf2
Rh5 28. Rd4 Re5 29. a4 Bb7 30. Rad1 Rce8 31. R1d3 h5 32. b4 Kf7 33. Nxd5 Bxd5
34. Rxd5 Rxd5 35. Rxd5 g5 36. a5 bxa5 37. Rxa5 Re7 38. f4 gxf4 39. Rxh5 Re4 40.
Rh7+ Kg6 41. Rxa7 Rxb4 1/2-1/2

[Event "2nd Prague Challengers"]
[Site "Prague CZE"]
[Date "2020.02.15"]
[Round "4.1"]
[White "Nguyen, Thai Dai Van"]
[Black "Stefansson, Hannes"]
[Result "1/2-1/2"]
[WhiteTitle "GM"]
[BlackTitle "GM"]
[WhiteElo "2560"]
[BlackElo "2529"]
[WhiteFideId "358878"]
[BlackFideId "2300087"]
[EventDate "2020.02.12"]

1. e4 e5 2. Nf3 Nf6 3. d4 Nxe4 4. Bd3 d5 5. Nxe5 Nd7 6. Nxd7 Bxd7 7. O-O Bd6 8.
Nc3 Nxc3 9. bxc3 O-O 10. Qh5 f5 11. Re1 Qf6 12. Qf3 c6 13. Bf4 Rae8 14. h4 Re6
15. a4 Rfe8 16. Rxe6 Qxe6 17. Qg3 Bxf4 18. Qxf4 Qf7 19. Rb1 Bc8 20. a5 a6 21.
Kf1 Kf8 22. g3 h6 23. Kg2 Kg8 24. Rh1 Qe7 25. c4 Qb4 26. cxd5 cxd5 27. Ra1 Qb2
28. Rc1 Qc3 29. Rb1 Qxa5 30. Bxf5 Qd8 31. Bg6 Rf8 32. Qe5 Qf6 33. Qxf6 Rxf6 34.
h5 b5 35. Re1 Be6 36. f4 a5 37. Ra1 a4 38. Be8 Bf5 39. Bxb5 Bxc2 40. Rc1 Rb6 41.
Rxc2 Rxb5 42. Rc8+ Kf7 43. Ra8 Rb4 44. Kf3 Rxd4 45. Ra7+ Kf6 46. Ra6+ Kf7 1/2-1/2

[Event "2nd Prague Challengers"]
[Site "Prague CZE"]
[Date "2020.02.15"]
[Round "4.2"]
[White "Cernousek, Lukas"]
[Black "Piorun, Kacper"]
[Result "1/2-1/2"]
[WhiteTitle "IM"]
[BlackTitle "GM"]
[WhiteElo "2442"]
[BlackElo "2611"]
[WhiteFideId "311707"]
[BlackFideId "1130420"]
[EventDate "2020.02.12"]

1. e4 c5 2. Nf3 e6 3. c4 Nc6 4. d4 cxd4 5. Nxd4 Nf6 6. Nc3 Bb4 7. Nxc6 bxc6 8.
Bd3 e5 9. O-O Bc5 10. Re1 d6 11. Be3 Bxe3 12. Rxe3 Rb8 13. Qd2 O-O 14. Be2 Ne8
15. c5 Qe7 16. cxd6 Nxd6 17. Rd1 Nb7 18. Na4 Nd8 19. Qc3 Qc7 20. Nc5 Ne6 21.
Nxe6 Bxe6 22. b3 Rfd8 23. Rc1 h6 24. h3 Rbc8 25. Ba6 Rb8 26. Be2 Rbc8 27. Ba6
Rb8 28. Rd3 Rxd3 29. Bxd3 Qd6 30. Be2 Rb4 31. Bf3 a5 32. Rd1 Qc7 33. Qc5 Rb5 34.
Qd6 Qxd6 35. Rxd6 Rc5 36. Rd8+ Kh7 37. Rd2 Kg6 38. Bg4 Kf6 39. Kf1 a4 40. Bxe6
Kxe6 41. Ke2 axb3 42. axb3 Rb5 43. Rd3 Rb4 44. f3 g6 45. Kd2 c5 46. Kc3 Rd4 47.
Rd2 f5 48. exf5+ gxf5 49. Ra2 e4 50. fxe4 fxe4 51. Ra6+ Kd5 52. Rxh6 Rd3+ 53.
Kc2 Rg3 54. h4 Rxg2+ 55. Kc3 Rg3+ 56. Kc2 Kd4 57. Rd6+ Ke5 58. Rc6 Kd5 59. Rc8
Rh3 60. Rd8+ Ke5 61. Rc8 Kd4 62. Rd8+ Ke3 63. Rd5 Kf2 64. Rxc5 e3 65. Re5 Ke1
66. b4 e2 67. b5 Rxh4 68. Kd3 Rh3+ 69. Kc4 Kd2 70. Rxe2+ Kxe2 71. b6 Rh8 72. Kd5
Kd3 73. b7 Rb8 74. Kc6 Rxb7 75. Kxb7 1/2-1/2

[Event "2nd Prague Challengers"]
[Site "Prague CZE"]
[Date "2020.02.15"]
[Round "4.3"]
[White "Esipenko, Andrey"]
[Black "Van Foreest, Jorden"]
[Result "1/2-1/2"]
[WhiteTitle "GM"]
[BlackTitle "GM"]
[WhiteElo "2654"]
[BlackElo "2667"]
[WhiteFideId "24175439"]
[BlackFideId "1039784"]
[EventDate "2020.02.12"]

1. d4 d5 2. c4 dxc4 3. e3 Nf6 4. Bxc4 e6 5. Nf3 c5 6. O-O Nc6 7. Nc3 a6 8. d5
Na5 9. b3 b5 10. Bd3 b4 11. Ne4 exd5 12. Nxf6+ Qxf6 13. Rb1 Nc6 14. e4 Bg4 15.
exd5 Bxf3 16. Re1+ Be7 17. Qxf3 Qxf3 18. gxf3 Nd4 19. Kg2 Kd7 20. Be3 g6 21.
Rbc1 Rhc8 22. Bxd4 cxd4 23. Rc6 Rxc6 24. dxc6+ Kd6 25. Re4 Bf6 26. Rf4 Ke5 27.
Re4+ Kd6 28. Rf4 Ke5 29. Re4+ Kd6 30. Rf4 Ke5 1/2-1/2

[Event "2nd Prague Challengers"]
[Site "Prague CZE"]
[Date "2020.02.15"]
[Round "4.4"]
[White "Krejci, Jan2"]
[Black "Bartel, Mateusz"]
[Result "0-1"]
[WhiteTitle "GM"]
[BlackTitle "GM"]
[WhiteElo "2559"]
[BlackElo "2639"]
[WhiteFideId "322156"]
[BlackFideId "1112635"]
[EventDate "2020.02.12"]

1. Nf3 d5 2. d4 Nf6 3. c4 e6 4. Nc3 Nbd7 5. Bg5 h6 6. Bh4 c6 7. e3 g5 8. Bg3 Nh5
9. Be5 Nxe5 10. Nxe5 Nf6 11. Bd3 Nd7 12. O-O Nxe5 13. dxe5 Bd7 14. Qh5 Qc7 15.
f4 Bc5 16. Rae1 O-O-O 17. Kh1 Kb8 18. Qxf7 h5 19. cxd5 cxd5 20. Bb5 Rhf8 21. Qg6
Rg8 22. Qd3 Bc8 23. Rc1 Qg7 24. Rc2 a6 25. Ba4 Bb6 26. Bb3 Bd7 27. Ba4 Bc8 28.
Bb3 gxf4 29. exf4 Bd7 30. Ba4 d4 31. Bxd7 dxc3 32. Rd1 Qg4 33. h3 Qxf4 34. Rxc3
Rg7 35. Qd6+ Ka7 36. Rc8 Rxc8 37. Bxc8 Qg3 38. Qd2 Bf2 39. Bxb7 Kxb7 40. Qb4+
Ka7 41. Qe4 Qe3 42. Qc6 Qxe5 43. b4 Rc7 0-1

[Event "2nd Prague Challengers"]
[Site "Prague CZE"]
[Date "2020.02.15"]
[Round "4.5"]
[White "Abasov, Nijat"]
[Black "Kriebel, Tadeas"]
[Result "1-0"]
[WhiteTitle "GM"]
[BlackTitle "IM"]
[WhiteElo "2670"]
[BlackElo "2524"]
[WhiteFideId "13402960"]
[BlackFideId "330027"]
[EventDate "2020.02.12"]

1. c4 e6 2. Nc3 Nf6 3. e4 d5 4. e5 d4 5. exf6 dxc3 6. bxc3 Qxf6 7. d4 b6 8. Be2
Bb7 9. Bf3 Bxf3 10. Nxf3 Bd6 11. Qa4+ c6 12. O-O O-O 13. Rb1 Qf5 14. Rxb6 axb6
15. Qxa8 Qd3 16. Qa4 Qxc3 17. Be3 Rd8 18. Rb1 Bc7 19. h3 f6 20. Re1 Qd3 21. Rd1
Qf5 22. Qb3 Kh8 23. d5 exd5 24. Bxb6 Bxb6 25. Qxb6 Qc8 26. cxd5 cxd5 27. a4 Nd7
28. Qd4 Nf8 29. a5 Qc6 30. Qb4 Ne6 31. Re1 Kg8 32. a6 Ra8 33. a7 Nf8 34. Re7 Qa6
35. Qb8 Qc8 36. Qxc8 Rxc8 37. Rb7 1-0

[Event "2nd Prague Challengers"]
[Site "Prague CZE"]
[Date "2020.02.16"]
[Round "5.1"]
[White "Stefansson, Hannes"]
[Black "Krejci, Jan2"]
[Result "1-0"]
[WhiteTitle "GM"]
[BlackTitle "GM"]
[WhiteElo "2529"]
[BlackElo "2559"]
[WhiteFideId "2300087"]
[BlackFideId "322156"]
[EventDate "2020.02.12"]

1. e4 e5 2. Nf3 Nc6 3. Bb5 a6 4. Ba4 Nf6 5. O-O Be7 6. Re1 b5 7. Bb3 d6 8. c3
O-O 9. h3 Bb7 10. d4 Re8 11. Nbd2 exd4 12. cxd4 Nd7 13. Bd5 Nb6 14. Bxc6 Bxc6
15. d5 Bd7 16. Nd4 Bf6 17. N2f3 Nc4 18. b3 Ne5 19. Bb2 Qb8 20. Rc1 Qb6 21. Nxe5
Bxe5 22. Qd2 h6 23. Nc6 Bxb2 24. Qxb2 Bxc6 25. Rxc6 Qa7 26. Re3 Re7 27. Rg3 g6
28. Qf6 Rae8 29. Rcc3 Qb8 30. Rg4 Qd8 31. Rcg3 Qd7 32. Rh4 Kh7 33. Qg5 1-0

[Event "2nd Prague Challengers"]
[Site "Prague CZE"]
[Date "2020.02.16"]
[Round "5.2"]
[White "Piorun, Kacper"]
[Black "Nguyen, Thai Dai Van"]
[Result "1/2-1/2"]
[WhiteTitle "GM"]
[BlackTitle "GM"]
[WhiteElo "2611"]
[BlackElo "2560"]
[WhiteFideId "1130420"]
[BlackFideId "358878"]
[EventDate "2020.02.12"]

1. e4 e5 2. Nf3 Nc6 3. Bb5 Nf6 4. O-O Nxe4 5. Re1 Nd6 6. Nxe5 Be7 7. Bf1 Nxe5 8.
Rxe5 O-O 9. d4 Bf6 10. Re2 b6 11. Re1 Bb7 12. Bf4 Ne4 13. Nd2 Re8 14. Nf3 d6 15.
a4 a6 16. Ra3 Qd7 17. Rae3 Qf5 18. Bg3 Qd7 19. Bf4 Qf5 20. Bg3 Qd7 21. Bf4 Qf5
22. Bg3 1/2-1/2